Highest Point by US State - Statistics

General Stats
  • This quiz has been taken 223 times
  • The average score is 11 of 50
Answer Stats
State Height (ft.) Answer % Correct
Alaska 20,237 Denali
95%
California 14,494 Mt. Whitney
71%
Washington 14,410 Mt. Rainier
68%
Oregon 11,239 Mt. Hood
62%
Hawaii 13,796 Mauna Kea
57%
New Hampshire 6,288 Mt. Washington
57%
Colorado 14,433 Mt. Elbert
38%
North Carolina 6,684 Mt. Mitchell
33%
Maine 5,267 Mt. Katahdin
28%
Texas 8,749 Guadalupe Peak
24%
New York 5,344 Mt. Marcy
24%
New Mexico 13,161 Wheeler Peak
21%
Kansas 4,039 Mt. Sunflower
20%
Wyoming 13,804 Gannett Peak
19%
New Jersey 1,803 High Point
19%
Utah 13,528 Kings Peak
19%
Massachusetts 3,487 Mt. Greylock
19%
Tennessee 6,643 Clingmans Dome
18%
Arizona 12,633 Humphreys Peak
18%
Montana 12,799 Granite Peak
17%
Idaho 12,662 Borah Peak
16%
Oklahoma 4,973 Black Mesa
15%
Nevada 13,140 Boundary Peak
15%
Georgia 4,784 Brasstown Bald
15%
Florida 345 Britton Hill
14%
Minnesota 2,301 Eagle Mt.
14%
Vermont 4,393 Mt. Mansfield
14%
Virginia 5,729 Mt. Rogers
14%
Alabama 2,405 Cheaha Mt.
13%
Indiana 1,257 Hoosier Hill Point
12%
Arkansas 2,753 Magazine Mt.
12%
Pennsylvania 3,213 Mt. Davis
12%
Illinois 1,235 Charles Mound
11%
Delaware 448 Ebright Azimuth
11%
Iowa 1,670 Hawkeye Point
11%
Rhode Island 812 Jerimoth Hill
11%
Connecticut 2,380 Mt. Frissell
11%
South Carolina 3,560 Sassafras Mt.
11%
Kentucky 4,139 Black Mt.
10%
Nebraska 5,424 Panorama Point
10%
West Virginia 4,861 Spruce Knob
10%
Missouri 1,772 Taum Sauk Mt.
10%
Ohio 1,549 Campbell Hill
9%
South Dakota 7,242 Harney Peak
9%
Michigan 1,979 Mt. Arvon
9%
Wisconsin 1,951 Timms Hill
9%
North Dakota 3,506 White Butte
8%
Mississippi 806 Woodall Mt.
7%
Maryland 3,360 Backbone Mt.
6%
Louisiana 535 Driskill Mt.
6%
No matching quizzes found
Score Distribution
Percent of People with Each Score
Percentile by Number Answered
Your Score History
You have not taken this quiz